书目信息 |
| 题名: |
棉织
|
|
| 作者: | 刘樾身 等编著 | |
| 分册: | ||
| 出版信息: | 北京 纺织工业出版社 1982 |
|
| 页数: | 204页 | |
| 开本: | 19cm | |
| 丛书名: | 纺织工业知识丛书 | |
| 单 册: | ||
| 中图分类: | TS115 | |
| 科图分类: | ||
| 主题词: | 棉纺织 | |
| 电子资源: | ||
| ISBN: | 15041.1157 | |
| 000 | 00651oam2 2200253 450 | |
| 001 | 0182006666 | |
| 005 | 20100712220252.0 | |
| 010 | @a15041.1157@dCNY0.54 | |
| 091 | @a15041.1157 | |
| 100 | @a19950609d1982 em y0chiy0110 ea | |
| 101 | 0 | @achi |
| 102 | @aCN@b110000 | |
| 105 | @ay z 000yy | |
| 106 | @ar | |
| 200 | 1 | @a棉织@9Mian Zhi @f刘樾身等编著 |
| 210 | @a北京@c纺织工业出版社@d1982 | |
| 215 | @a204页@d19cm | |
| 225 | 2 | @a纺织工业知识丛书 |
| 461 | 0 | @12001 @a纺织工业知识丛书 |
| 606 | 0 | @a棉纺织 |
| 690 | @aTS115@v3 | |
| 701 | 0 | @a刘樾身@9liu yue shen@4等编著 |
| 801 | 0 | @aCN@bAzMarc@c20130904 |
| 905 | @aBZT@dTS115@e4@f1@sTS115/4 | |
| 棉织/刘樾身等编著.-北京:纺织工业出版社,1982 |
| 204页;19cm.-(纺织工业知识丛书) |
| ISBN 15041.1157:CNY0.54 |
| ● |
| 相关链接 |
|
|
|
正题名:棉织
索取号:TS115/4
 
预约/预借
| 序号 | 登录号 | 条形码 | 馆藏地/架位号 | 状态 | 备注 |
| 1 | 2000082600 | 2000082600 | 旧书回溯/ [索取号:TS115/4] | 在馆 |